00678cam a2200193 a 4500001001000000003000900010005001700019008004100036035001900077040003000096082001900126100004000145245005800185260004100243300003600284500008600320504003200406650004600438000007491DO-SdBNP20250623141021.0780118s1969 ve ac b 000 0bspa  a(DLC) 75481660 aDO-SdBNPcDLCdDLCdBNPHU a923.587bG993C1 aCastellanos, Rafael Ramón,d1932-10aGuzmán Blanco intimo /cRafael Ramón Castellanos. aCaracas :bLibreria Historia,c1969. a530 p. :bil., ports. ;c24 cm. aIncluye cartas de Antonio Guzmán Blanco, a Ana Teresa Ibarra de Guzmán Blanco aBibliografía: p. 529-530. 4aPresidenteszVenezolanosxCorrespondencia